[Event "Attica-ch U08/20"]
[Site "Athens"]
[Date "2009.12.26"]
[Round "2"]
[White "Iliopoulou, Elisavet"]
[Black "Anagnostopoulou, Antonia"]
[Result "1-0"]
[WhiteElo "1577"]
[BlackElo "1005"]
[PlyCount "71"]
[EventDate "2009.12.23"]
[EventType "swiss"]
[EventRounds "7"]
[EventCountry "GRE"]
[SourceTitle "EXT 2011"]
[Source "ChessBase"]
[SourceDate "2010.11.26"]
[SourceVersion "1"]
[SourceVersionDate "2010.11.26"]
[SourceQuality "1"]

1. d4 Nf6 2. c4 e6 3. Nc3 Bb4 4. Qc2 b6 5. a3 Bxc3+ 6. Qxc3 Bb7 7. e3 0-0 8. Bd2 Qe7 9. Qb4 d6 10. Qb3 Rd8 11. Rc1 c5 12. Qd1 Nc6 13. Bc3 Rd7 14. Nf3 Rad8 15. Be2 a6 16. 0-0 b5 17. cxb5 axb5 18. Bxb5 Rb8 19. Be2 Na7 20. Nd2 e5 21. dxc5 dxc5 22. Qc2 Be4 23. Nxe4 Nxe4 24. Qxe4 Qg5 25. Rfd1 Rbb7 26. Rxd7 Rxd7 27. Bg4 Rd8 28. Ba5 Rd6 29. Qa8+ Rd8 30. Bxd8 Qxg4 31. Bb6+ Nc8 32. Bxc5 h6 33. Bb4 Qe2 34. Qxc8+ Kh7 35. Qc2+ Qxc2 36. Rxc2 1-0